| 000 | 00476nam a2200193Ia 4500 | ||
|---|---|---|---|
| 005 | 20240823054730.0 | ||
| 008 | 240823s9999||||xx |||||||||||||| ||und|| | ||
| 020 | _a0-275-98252-1 | ||
| 041 | _aENGLISH | ||
| 082 | _A174.4 P5 | ||
| 100 | _a"Cillula, Joanne B" | ||
| 245 | 0 | _a"Ethics, the Heart of Leadership" | |
| 250 | _a2nd | ||
| 260 |
_c2005 _bRain Tree Publishing Pv |
||
| 500 | _aYES | ||
| 650 |
_aManagement _bManagement Studies |
||
| 942 | _cBK | ||
| 999 |
_c227148 _d227148 |
||